Bienvenue à la Médiathèque de Saint-Andiol
banniere
Accueil Recherche avancée Mon compte
handi1 Rechercher dans le catalogue

Filtre   Mots-clés
  Recherche avancée
 
Lister les dernières nouveautés
 
Lister les livres GROS CARACTERES
 
Lister les périodiques (magazines)

handi1 Petite marmotte (La)

Book Cover
Auteur principal : Anne Royer
Titre : Petite marmotte (La)
Support : Livres
Langue : Francais
Genre : Documentaire
Sujets :
Étiquettes :
Pas de tags
LEADER 00807nam0a2200205 450
001 16867462
010 |a 2-7404-1511-7  |b Cart.  |d 9 € 
100 |a 20021024d2003 u u0frey01 ba 
101 0 |a fre 
102 |a FR 
200 0 |a Petite marmotte (La)  |f Anne Royer 
207 1 |a   
215 |a 23 p.  |c ill. en coul.  |d 24 cm 
330 |a Présente aux enfants la marmotte, ses habitudes, son type d'habitat, son mode de vie... Avec à chaque page des questions permettent d'anticiper la lecture de la page suivante et d'éveiller la curiosité. 
606 0 |a Marmottes  |x Ouvrages pour la jeunesse 
676 |a 599.3 
700 0 |a Royer  |b Anne  |f 1964-....  |4 70 
900 |a Documentaire 
901 |a Jeunesse 
995 |a Médiathèque  |c Médiathèque  |f 00156005917372  |h 00156005917372  |k E 599.3 MAR  |o p  |q j  |r az  |e Médiathèque